000 00340pab a2200145 454500
008 180718b2017 xxu||||| |||| 00| 0 eng d
100 _aMenon, Meena
245 _aNo country for Afghans
260 _c2017
300 _ap.23-27.
362 _a15 Apr
650 _aRefugees
773 _aEconomic and Political Weekly
909 _a114389
999 _c114383
_d114383